Handbook on agricultural education in public schools (Record no. 36501)

MARC details
000 -LEADER
fixed length control field 00342nam a2200121Ia 4500
082 ## - DEWEY DECIMAL CLASSIFICATION NUMBER
Classification number 63:37(035)
Item number PHI
100 ## - MAIN ENTRY--AUTHOR NAME
Personal name Phipps, Lloyd J
245 #0 - TITLE STATEMENT
Title Handbook on agricultural education in public schools
260 ## - PUBLICATION, DISTRIBUTION, ETC. (IMPRINT)
Place of publication Illinois
Name of publisher Interstate
Year of publication 1980
650 ## - SUBJECT ADDED ENTRY--TOPICAL TERM
Topical Term Agricultural education
942 ## - ADDED ENTRY ELEMENTS (KOHA)
Koha item type Books
Holdings
Withdrawn status Lost status Damaged status Not for loan Home library Current library Date acquired Full call number Accession Number Koha item type
        RRII Library RRII Library 16/12/2021 63:37(035) PHI 16907 Books